La coacción administrativa directa
Guardat en:
| Autor principal: | |
|---|---|
| Format: | Llibre |
| Idioma: | espanyol |
| Publicat: |
Madrid
Civitas
1990
|
| Col·lecció: | Monografías Civitas
|
| Matèries: | |
| Etiquetes: |
Afegir etiqueta
Sense etiquetes, Sigues el primer a etiquetar aquest registre!
|
MARC
| LEADER | 00000nam a2200000 a 4500 | ||
|---|---|---|---|
| 001 | UCV2136 | ||
| 003 | CL-VaPUC | ||
| 008 | 911106e19900000SP |||||||||||||||||spa|d | ||
| 082 | 0 | 4 | |a 345.04 |b AGI |2 21 |
| 100 | 0 | |a Agirreazkuenaga, Iñaki |e author |9 296384 | |
| 245 | 1 | 3 | |a La coacción administrativa directa |
| 300 | |a 451 p | ||
| 942 | |c BK | ||
| 945 | |d 19911106 00:00:00 | ||
| 260 | |a Madrid |b Civitas |c 1990 | ||
| 650 | 7 | |a COACCION |2 CL-VaPUC |9 257384 | |
| 650 | 7 | |a DERECHO |2 CL-VaPUC |9 296385 | |
| 583 | |a last modification |c 20180423 11:57:43 |k Rodrigo Vera | ||
| 490 | 0 | |a Monografías Civitas | |
| 999 | |c 209819 |d 209817 | ||
| 952 | |0 0 |1 0 |4 0 |6 345_040000000000000_AGI_1990 |7 0 |8 A |9 185613 |a BIBDER |b BIBDER |d 2019-11-14 |i 2530597 |o 345.04 AGI 1990 |p 2530597 |r 2023-01-25 |w 2019-11-14 |y BK |k DER | ||